000 00712nam a2200289Ia 4500
005 20260324130836.0
008 008 260324s9999 xx 000 0 eng d
020 _a9781003060628
037 _aEBOOK
040 _aCRL
040 _beng
040 _cCRL
041 _2eng
041 _aeng
084 _qCRL
100 _aMichelle O'Callaghan; Sue Wiseman; Katharine Hodgkin
_91183280
245 0 _aReading the Early Modern Dream
245 4 _bThe Terrors of the Night
260 _bTaylor and Francis
260 _c2007
365 _a
365 _b280
856 _uhttp://www.taylorfrancis.com/books/9781003060628
942 _cEBOOK
999 _c1779850
_d1779850